000 01786nam a2200349 i 4500
999 _c65397
_d65397
001 768714001
003 CO-MdFUSB
005 20240618062720.0
007 ta
008 200224t2010 -us |||| |||| 00| 0 eng d
020 _a9780310291121
040 _aCO-MdFUSB
_bspa
_cCO-MdFUSB
_dCO-MdFUSBC
_erda
041 _aspa
082 _223
_a262.7
_bW954
100 _aWright, Chirstopher J. H.
_eautor
245 1 4 _aThe mission of God´s people :
_ba biblical theology of the church´s mission
_c/ Chirstopher J. H. Wright ; editado por Jonathan Lunde
264 _aEstados Unidos :
_bZondervan,
_c[2010]
264 _c© 2010
300 _a301 páginas
_c; 24 páginas
336 _2rdacontent
_atexto
_btxt
337 _2rdamedia
_asin mediación
_bn
338 _2rdacarrier
_avolumen
_bnc
490 _aBiblical Theology for life
505 _a¿Quiénes somos y para qué estamos aquí? -- Las personas que conocen la historia de la que forman parte. -- Las personas que se preocupan por la creación. -- Las personas que son una bendición para las naciones. -- Las personas que caminan en el camino de Dios. -- Las personas que son redimidas por la vida redentora. -- Las personas que representan Dios para el mundo. -- Personas que atraen a otros a Dios. -- Personas que conocen al único Dios y Salvador vivo. -- Personas que dan testimonio del Dios vivo. -- Personas que proclaman el Evangelio de Cristo. -- Personas que envían y son enviadas. -- Gente que vive y trabaja en la plaza pública. -- Gente que alaba y reza. -- El viaje hasta ahora y el viaje por delante.
563 _aRústico
650 0 _aMisiones
_9154
653 _aObra de la iglesia
700 _92915
_a Lunde, Jonathan.
_eeditor
942 _cBK
945 _aJTF-925